000 00341nam a2200133 i 4500
001 76599
003 ES-MaACL
007 t|
008 041004q19001920sp ||||1| spa d
245 0 0 _aGuía y plano de Barcelona y su Ensanche.
260 _aBarcelona :
_b[s.n.,
_c19--?]
300 _a79 p., 16 lám. ;
_c16 cm.
852 _aES-MaACL
_jG-330
999 _c76599
_d76599